Impuesto a la Renta 2016-2017: teoría y práctica. Análisis completo Ley de Renta. Temas comentados y ejercitados

Gespeichert in:
Bibliographische Detailangaben
1. Verfasser: Fajardo Castro, José A. (VerfasserIn)
Format: Buch
Sprache:Spanisch
Veröffentlicht: Santiago Producciones Gráficas Los Trapiales Ltda 2016
Ausgabe:1a. ed
Schriftenreihe:Sistemas Impositivos J. F. C
Schlagworte:
Tags: Tag hinzufügen
Keine Tags, Fügen Sie den ersten Tag hinzu!

MARC

LEADER 00000cam a2200000 a 4500
001 UCD5233
003 CL-VaPUC
008 160819e20160000cl |||||||||||||||||spa|d
082 0 4 |a 336.8324  |b FAJ  |2 21 
100 |a Fajardo Castro, José A.  |e author  |9 588962 
245 1 0 |a Impuesto a la Renta 2016-2017: teoría y práctica. Análisis completo Ley de Renta. Temas comentados y ejercitados 
250 |a 1a. ed 
300 |a 376 p 
942 |c BK 
945 |d 20160819 12:52:00  |a dcastane 
260 |a Santiago  |b Producciones Gráficas Los Trapiales Ltda  |c 2016 
650 0 |a Impuesto a la renta  |9 258171 
650 0 |a Derecho comparado  |9 255664 
650 0 |a Derecho tributario  |9 258895 
583 |a last modification  |c 20160819 12:52:00  |k Rodrigo Vera 
490 0 |a Sistemas Impositivos J. F. C 
999 |c 365962  |d 365960 
952 |0 0  |1 0  |3 erb  |4 0  |6 336_832400000000000_FAJ_2016  |7 0  |8 A  |9 479943  |a BIBGIM  |b BIBGIM  |i 5338212  |o 336.8324 FAJ 2016  |p 5338212  |r 2025-01-15  |w 2019-11-24  |y BK  |z Catalogado en:20160819  |k COM 
952 |0 0  |1 0  |3 erb  |4 0  |6 336_832400000000000_FAJ_2016  |7 0  |8 A  |9 479944  |a BIBGIM  |b BIBGIM  |i 5338263  |o 336.8324 FAJ 2016  |p 5338263  |r 2025-01-15  |w 2019-11-24  |y BK  |z Catalogado en:20160819  |k COM 
952 |0 0  |1 0  |3 erb  |4 0  |6 336_832400000000000_FAJ_2016  |7 0  |8 A  |9 479945  |a BIBGIM  |b BIBGIM  |i 5338255  |o 336.8324 FAJ 2016  |p 5338255  |r 2025-01-15  |w 2019-11-24  |y BK  |z Catalogado en:20160819  |k COM 
952 |0 0  |1 0  |3 erb  |4 0  |6 336_832400000000000_FAJ_2016  |7 0  |8 A  |9 479946  |a BIBGIM  |b BIBGIM  |i 5338247  |o 336.8324 FAJ 2016  |p 5338247  |r 2025-01-15  |w 2019-11-24  |y BK  |z Catalogado en:20160819  |k COM 
952 |0 0  |1 0  |3 erb  |4 0  |6 336_832400000000000_FAJ_2016  |7 0  |8 A  |9 479947  |a BIBGIM  |b BIBGIM  |i 5338239  |o 336.8324 FAJ 2016  |p 5338239  |r 2025-01-15  |w 2019-11-24  |y BK  |z Catalogado en:20160819  |k COM 
952 |0 0  |1 0  |3 erb  |4 0  |6 336_832400000000000_FAJ_2016  |7 0  |8 A  |9 479948  |a BIBGIM  |b BIBGIM  |i 5338220  |o 336.8324 FAJ 2016  |p 5338220  |r 2025-01-15  |w 2019-11-24  |y BK  |z Catalogado en:20160819  |k COM